000 04701cam a22005777i 4500
001 22351466
005 20260407103909.0
008 211214s2020 nyua bf 001 0 eng d
010 _a 2021443008
020 _a9781259644818
_qpaperback
020 _a9781260460834
020 _a1259644812
_qpaperback
035 _a(OCoLC)on1048285524
040 _aYDX
_beng
_cYDX
_erda
_dBDX
_dOCLCQ
_dWUM
_dOCLCO
_dPZS
_dYDXIT
_dOCLCO
_dOCLCF
_dCUX
_dOCLCO
_dUSU
_dOCLCA
_dDLC
042 _alccopycat
050 0 0 _aRJ254
_b.G66 2020
060 4 _aWS 39
_bN438 2020
082 0 4 _a618.9201
_bGOM
245 0 0 _aGomella's neonatology :
_bmanagement, procedures, on-call problems, diseases, and drugs /
_ceditor, Tricia Lacy Gomella ; senior associate editor, Fabien G. Eyal ; associate editor, Fayez Bany-Mohammed.
246 3 0 _aNeonatology :
_bmanagement, procedures, on-call problems, diseases, and drugs
250 _aEighth editon
264 1 _aNew York :
_bMcGraw-Hill Education,
_c[2020]
300 _axxxii,1439 pages :
_billustrations (some color) :
_c22 cm
336 _atext
_btxt
_2rdacontent
337 _aunmediated
_bn
_2rdamedia
338 _avolume
_bnc
_2rdacarrier
500 _aRevised edition of title previously published as: Neonatology : Management, procedures, on-call problems, diseases and drugs / editor, Tricia Lacy Gomella, MD ; associate editors, M. Douglas Cunningham, MD, Fabien G. Eyal, MD ; consulting editor, Deborah J. Tuttle, MD. 7th edition. [2013].
504 _aIncludes bibliographical references and index.
505 0 _aSection I. Prenatal, labor, delivery, and transport management -- Section II. Basic management -- Section III. Advanced management -- Section IV. Procedures -- Section V. On-call problems -- Section VI. Diseases and disorders, general -- Section VII. Infectious diseases -- Section VIII. Neonatal pharmacology -- Appendices.
520 _a"The field's most trusted and comprehensive guide to treating common and rare problems in newborns. A true essential for newly three decades, this streamlined reference provides logically organized, quickly retrievable information on basic and advanced management techniques for the neonate. Featuring a convenient outline approach that puts key information at readers' fingertips, this quick reference covers everything clinicians need to know about on-call neonatal problems, procedures, diseases and disorders, and pharmacology. This Eighth Edition reflects the latest developments in the field and has been updated with new content and six new chapters. All told, it is the most comprehensive drug formulary available in a neonatal handbook. This edition features new chapters on the golden hour ; genetic and genomic testing ; neonatal palliative care ; abdominal distension ; dengue fever ; and Zika virus. It includes new sections on infectious diseases of the neonate and point-of-care ultrasound. It includes up-to-date information on medications used in the NICU and effects of the most commonly used medications on breast-feeding mothers. It includes full-color images of neonatal rashes and dermatologic problems. The "On Call" section presents 35 common and serious patient management issues with guidelines for rapid diagnosis and treatment. It includes cutting-edge strategies for management of specific respiratory syndromes. It includes valuable appendices, including abbreviations used in neonatology, blood pressure determinations, immunization tables, isolation guidelines, and more."--
_ctaken from back cover.
650 0 _aNeonatology
_vHandbooks, manuals, etc.
_9126839
650 0 _aNewborn infants
_xDiseases.
_9126840
650 0 _aNeonatal intensive care
_vHandbooks, manuals, etc.
_9126841
650 1 2 _aNeonatology
_xmethods.
_9126842
650 2 2 _aInfant Care
_xmethods.
_9126843
650 2 2 _aInfant, Newborn, Diseases
_xtherapy.
_9126844
650 2 2 _aNeonatology
_xtrends.
_9126845
650 7 _aNeonatal intensive care.
_2fast
_0(OCoLC)fst01432069
_9126846
650 7 _aNeonatology.
_2fast
_0(OCoLC)fst01432070
_9126847
650 7 _aNewborn infants
_xDiseases.
_2fast
_0(OCoLC)fst01432010
_9126840
655 2 _aHandbook.
_9126701
655 7 _aHandbooks and manuals.
_2fast
_0(OCoLC)fst01423877
_9280
655 7 _aHandbooks and manuals.
_2lcgft
_9280
700 1 _aGomella, Tricia Lacy,
_eeditor.
_9126848
700 1 _aEyal, Fabien G.
_q(Fabien Gabriel),
_eeditor.
_9126849
700 1 _aBany-Mohammed, Fayez,
_eeditor.
_9126850
906 _a7
_bcbc
_ccopycat
_d2
_encip
_f20
_gy-gencatlg
942 _2ddc
_cBK
999 _c612286
_d612286